[Event "4NCL Individual Rapid 10m+10s"]
[Site "Daventry"]
[Date "2013.10.06"]
[Round "7.5"]
[White "Coleman, James"]
[Black "Zakarian, David"]
[Result "0-1"]
[WhiteElo "2127"]
[BlackElo "2408"]
[PlyCount "82"]
[EventDate "2013.10.06"]
[EventType "swiss (rapid)"]
[EventRounds "7"]
[EventCountry "ENG"]

1. d4 Nf6 2. Nf3 c5 3. c3 e6 4. Bg5 b6 5. Nbd2 Be7 6. e3 Bb7 7. Bd3 O-O 8. O-O
cxd4 9. exd4 Nd5 10. Bxe7 Qxe7 11. Re1 d6 12. Qc2 g6 13. Ne4 Nd7 14. Qd2 Kg7
15. Qg5 Qxg5 16. Nfxg5 h6 17. Nf3 Nf4 18. Bc2 d5 19. Ng3 Ba6 20. Re3 Rac8 21.
Rae1 Rc7 22. Nf1 Bc4 23. h4 a5 24. g3 Nh5 25. Bb1 Nhf6 26. N1d2 Ba6 27. a4 Ng4
28. Bd3 Nxe3 29. Bxa6 Ng4 30. Nf1 Ndf6 31. Ne3 Nxe3 32. Rxe3 Ng4 33. Re1 Re8
34. Kg2 f6 35. Nd2 h5 36. f3 Nh6 37. f4 Nf5 38. Bd3 Nd6 39. Nf3 Nc4 40. Re2 Kf7
41. Kf2 Rb8 0-1

[Event "4NCL Individual Rapid 10m+10s"]
[Site "Daventry"]
[Date "2013.10.06"]
[Round "7.6"]
[White "Hall, John"]
[Black "Mayhew, Andrew"]
[Result "1/2-1/2"]
[WhiteElo "2269"]
[BlackElo "2058"]
[PlyCount "28"]
[EventDate "2013.10.06"]
[EventType "swiss (rapid)"]
[EventRounds "7"]
[EventCountry "ENG"]
[TimeControl "900+125"]
[WhiteClock "0:10:59"]
[BlackClock "0:09:30"]

1. e4 e5 2. Nf3 Nc6 3. Bb5 a6 4. Ba4 Nf6 5. O-O Be7 6. Re1 b5 7. Bb3 d6 8. c3
O-O 9. h3 Na5 10. Bc2 c5 11. d4 Nd7 12. Nbd2 exd4 13. cxd4 Nc6 14. Nf1 cxd4
1/2-1/2

[Event "4NCL Individual Rapid 10m+10s"]
[Site "Daventry"]
[Date "2013.10.06"]
[Round "7.7"]
[White "Sowray, Peter J"]
[Black "Emerson, Roger"]
[Result "1-0"]
[WhiteElo "2335"]
[BlackElo "2214"]
[PlyCount "68"]
[EventDate "2013.10.06"]
[EventType "swiss (rapid)"]
[EventRounds "7"]
[EventCountry "ENG"]

1. d4 d5 2. c4 e6 3. Nc3 Nf6 4. cxd5 exd5 5. Bg5 Be7 6. e3 O-O 7. Qc2 h6 8. Bh4
Re8 9. Bd3 c5 10. Nge2 c4 11. Bf5 Bxf5 12. Qxf5 Qd7 13. Qf3 Ne4 14. Bxe7 Rxe7
15. Nf4 Nxc3 16. bxc3 Re4 17. Qh5 g5 18. Ne2 Rh4 19. Qf3 Nc6 20. Ng3 Ne7 21.
O-O Rf8 22. Qf6 Qe6 23. Qxe6 fxe6 24. Rfb1 b6 25. a4 Nf5 26. a5 Nxg3 27. hxg3
Re4 28. axb6 axb6 29. Rxb6 Rf7 30. Raa6 e5 31. dxe5 Rxe5 32. Rxh6 Re8 33. Rhd6
Rb8 34. Re6 Re7 1-0

[Event "4NCL Individual Rapid 10m+10s"]
[Site "Daventry"]
[Date "2013.10.06"]
[Round "7.8"]
[White "Maroroa, Sue"]
[Black "Pritchett, Craig W"]
[Result "0-1"]
[WhiteElo "2130"]
[BlackElo "2359"]
[PlyCount "62"]
[EventDate "2013.10.06"]
[EventType "swiss (rapid)"]
[EventRounds "7"]
[EventCountry "ENG"]
[TimeControl "900+90"]
[WhiteClock "0:02:02"]
[BlackClock "0:01:46"]

1. c4 e5 2. Nc3 Nf6 3. d4 exd4 4. Qxd4 Nc6 5. Qd1 Bb4 6. Bd2 O-O 7. Nf3 Re8 8.
g3 d5 9. cxd5 Nxd5 10. Bg2 Bxc3 11. Bxc3 Nxc3 12. Qxd8 Rxd8 13. bxc3 Be6 14.
O-O Bc4 15. Rfe1 f6 16. a4 Na5 17. e4 Rd3 18. Rac1 Rad8 19. e5 Bd5 20. Nd4 Bxg2
21. Kxg2 fxe5 22. Rxe5 b6 23. Re7 c5 24. Nf5 R3d7 25. Rce1 Nc6 26. R7e6 Na5 27.
Ne7+ Kf7 28. Nc6 Nxc6 29. Rxc6 Re7 30. Rxe7+ Kxe7 31. a5 Kd7 0-1

[Event "4NCL Individual Rapid 10m+10s"]
[Site "Daventry"]
[Date "2013.10.06"]
[Round "7.1"]
[White "Bhatia, Kanwal"]
[Black "Talsma, Paul"]
[Result "1/2-1/2"]
[WhiteElo "2039"]
[BlackElo "2192"]
[PlyCount "115"]
[EventDate "2013.10.06"]
[EventType "swiss (rapid)"]
[EventRounds "7"]
[EventCountry "ENG"]

1. e4 e5 2. Nf3 Nc6 3. Bc4 Nf6 4. Ng5 d5 5. exd5 Na5 6. Bb5+ Bd7 7. Qe2 Bd6 8.
d4 O-O 9. dxe5 Re8 10. e6 fxe6 11. dxe6 Bxb5 12. Qxb5 c6 13. Qf5 g6 14. Qh3 Qc7
15. Nc3 Bf4 16. O-O Bxc1 17. Raxc1 Re7 18. Rfe1 Rf8 19. Nf7 Nc4 20. b3 Nd6 21.
Ng5 Nf5 22. Rcd1 Qf4 23. Nge4 Nd5 24. Nxd5 cxd5 25. Nc3 Nh4 26. f3 Ree8 27.
Nxd5 Qg5 28. Kh1 Rf5 29. Nc7 Re7 30. Nd5 Rxd5 31. Rxd5 Qxd5 32. Qxh4 Rxe6 33.
Rxe6 Qxe6 34. h3 Qe2 35. Qd8+ Kg7 36. Qc7+ Kh6 37. Qf4+ Kg7 38. Qd4+ Kh6 39.
Qxa7 Qe1+ 40. Qg1 Qe2 41. c4 Qxa2 42. Qe3+ Kg7 43. Qe7+ Kh6 44. Qe3+ Kg7 45.
Kh2 Qa1 46. f4 Qf1 47. Qe5+ Kh6 48. Qe3 Kg7 49. c5 Qb1 50. Qd4+ Kh6 51. b4 Qb3
52. Qe4 Qf7 53. b5 Qc7 54. Qe5 Qd7 55. Qg5+ Kg7 56. Qe5+ Kh6 57. Qe4 Qxb5 58.
Qe3 1/2-1/2

[Event "4NCL Individual Rapid 10m+10s"]
[Site "Daventry"]
[Date "2013.10.06"]
[Round "7.2"]
[White "Deighton, Simon"]
[Black "Basman, Michael"]
[Result "0-1"]
[WhiteElo "1986"]
[BlackElo "2340"]
[PlyCount "42"]
[EventDate "2013.10.06"]
[EventType "swiss (rapid)"]
[EventRounds "7"]
[EventCountry "ENG"]
[TimeControl "900+150"]
[WhiteClock "0:02:13"]
[BlackClock "0:05:43"]

1. d4 b5 2. e4 Bb7 3. f3 a6 4. c4 e6 5. cxb5 axb5 6. Bxb5 Qh4+ 7. g3 Qh5 8. Nc3
Bb4 9. Bd3 f5 10. Qe2 Nf6 11. Bd2 O-O 12. O-O-O Nc6 13. d5 Nd4 14. Qf2 c5 15.
dxc6 Nxc6 16. Kb1 Ne5 17. Be2 fxe4 18. fxe4 Qg6 19. Nd5 Nxd5 20. Qd4 Nc6 21.
Qd3 Ba6 0-1

[Event "4NCL Individual Rapid 10m+10s"]
[Site "Daventry"]
[Date "2013.10.06"]
[Round "7.3"]
[White "Mason, Donald J"]
[Black "Pitcher, John"]
[Result "1/2-1/2"]
[WhiteElo "2204"]
[BlackElo "2246"]
[PlyCount "20"]
[EventDate "2013.10.06"]
[EventType "swiss (rapid)"]
[EventRounds "7"]
[EventCountry "ENG"]
[TimeControl "900+10"]
[WhiteClock "0:10:33"]
[BlackClock "0:10:52"]

1. e4 c5 2. Nf3 e6 3. b3 b6 4. Bb2 Bb7 5. c4 Nc6 6. Nc3 a6 7. Bd3 Qc7 8. O-O
Nf6 9. Re1 Be7 10. a3 Bf8 1/2-1/2

[Event "4NCL Individual Rapid 10m+10s"]
[Site "Daventry"]
[Date "2013.10.06"]
[Round "7.4"]
[White "Benjamin, Martin J"]
[Black "McGann, Gary"]
[Result "0-1"]
[WhiteElo "2040"]
[BlackElo "2128"]
[PlyCount "42"]
[EventDate "2013.10.06"]
[EventType "swiss (rapid)"]
[EventRounds "7"]
[EventCountry "ENG"]

1. d4 e6 2. Nf3 f5 3. g3 Nf6 4. Bg2 Be7 5. c4 O-O 6. Nc3 d6 7. Qc2 a5 8. O-O
Nc6 9. a3 e5 10. dxe5 dxe5 11. Rd1 Qe8 12. Nd5 Bc5 13. Nxc7 Qh5 14. Nxa8 f4 15.
e3 Bg4 16. Rd5 Bxf3 17. Bxf3 Qxf3 18. Rxc5 fxg3 19. hxg3 Ne4 20. b4 Nxf2 21.
Kh2 Qh1# 0-1

[Event "4NCL Individual Rapid 10m+10s"]
[Site "Daventry"]
[Date "2013.10.06"]
[Round "7.5"]
[White "Healey, Michael W"]
[Black "Adebajo, Olufemi"]
[Result "0-1"]
[WhiteElo "2091"]
[BlackElo "1971"]
[PlyCount "83"]
[EventDate "2013.10.06"]
[EventType "swiss (rapid)"]
[EventRounds "7"]
[EventCountry "ENG"]
[TimeControl "900+150"]
[WhiteClock "0:02:44"]
[BlackClock "0:00:11"]

1. e4 c5 2. Nf3 Nc6 3. Nc3 g6 4. d4 cxd4 5. Nxd4 Bg7 6. Nb3 Nf6 7. Be2 O-O 8.
O-O d6 9. Kh1 Be6 10. f4 a5 11. f5 Bd7 12. a4 Rc8 13. g4 Ne5 14. g5 Ne8 15. Be3
gxf5 16. exf5 Rxc3 17. bxc3 Qc8 18. Bd3 Qxc3 19. Bd4 Qc6+ 20. Kg1 Nxd3 21. Qxd3
e5 22. f6 Bh8 23. Bb2 Be6 24. Rf2 Nc7 25. Rd1 Nd5 26. Nxa5 Qxa4 27. Nxb7 Qg4+
28. Rg2 Qb4 29. Qb3 Qxb3 30. cxb3 Ne3 31. Rxd6 Nxg2 32. Kxg2 Bxb3 33. Bxe5 h6
34. h4 Kh7 35. Nc5 Bc2 36. Kg3 Kg6 37. Kf4 Rc8 38. Nd7 hxg5+ 39. hxg5 Rc4+ 40.
Bd4 Kh5 41. Ne5 Rc8 42. Nxf7 0-1

[Event "4NCL Individual Rapid 10m+10s"]
[Site "Daventry"]
[Date "2013.10.06"]
[Round "7.6"]
[White "Chan, Nevil"]
[Black "Burke, Steven J"]
[Result "0-1"]
[WhiteElo "2027"]
[BlackElo "2002"]
[PlyCount "84"]
[EventDate "2013.10.06"]
[EventType "swiss (rapid)"]
[EventRounds "7"]
[EventCountry "ENG"]

1. d4 d5 2. Nc3 e6 3. Nf3 c5 4. e4 c4 5. g3 Bb4 6. e5 Nc6 7. Bh3 h6 8. O-O Nge7
9. Nh4 g5 10. Ng2 Nf5 11. Ne2 Be7 12. Ne3 h5 13. c3 g4 14. Bg2 Bg5 15. Nxf5
exf5 16. Bxg5 Qxg5 17. Bxd5 Be6 18. Bxe6 fxe6 19. Nf4 Qh6 20. Ng2 h4 21. Nxh4
O-O-O 22. Qe2 f4 23. f3 fxg3 24. hxg3 gxf3 25. Rxf3 Rdg8 26. Kf2 Rf8 27. Rg1
Rxf3+ 28. Nxf3 Rf8 29. Kg2 Rh8 30. Qxc4 Qh3+ 31. Kf2 Rf8 32. Qd3 Ne7 33. c4 Nf5
34. d5 Nh6 35. dxe6 Qxe6 36. Qd5 Ng4+ 37. Ke2 Qb6 38. Nd4 Qxb2+ 39. Kd3 Nf2+
40. Ke3 Qc3+ 41. Ke2 Qd3+ 42. Ke1 Qd1# 0-1

[Event "4NCL Individual Rapid 10m+10s"]
[Site "Daventry"]
[Date "2013.10.06"]
[Round "7.7"]
[White "Foley, John P"]
[Black "Freeman, Richard C P"]
[Result "0-1"]
[WhiteElo "2018"]
[BlackElo "2030"]
[PlyCount "98"]
[EventDate "2013.10.06"]
[EventType "swiss (rapid)"]
[EventRounds "7"]
[EventCountry "ENG"]

1. d4 g6 2. Nf3 Bg7 3. Bf4 d6 4. Nc3 Bg4 5. e3 Nd7 6. h3 Bxf3 7. Qxf3 c6 8. Bc4
d5 9. Bd3 e5 10. dxe5 Nxe5 11. Bxe5 Bxe5 12. e4 Bxc3+ 13. bxc3 Qf6 14. Qxf6
Nxf6 15. e5 Nd7 16. f4 O-O-O 17. O-O Rhe8 18. Rae1 Re7 19. Re3 Nc5 20. g4 f6
21. Rfe1 Rde8 22. Kf2 fxe5 23. Rxe5 Rxe5 24. fxe5 Nd7 25. e6 Nc5 26. e7 Kd7 27.
c4 Rxe7 28. Rb1 Kc7 29. cxd5 Nxd3+ 30. cxd3 cxd5 31. Rb4 Kd6 32. a4 Kc5 33. Rf4
a5 34. h4 b5 35. axb5 Kxb5 36. Rf8 Ra7 37. Ke3 Kc5 38. Rc8+ Kd6 39. Kd4 a4 40.
Rd8+ Ke6 41. Re8+ Kf7 42. Rh8 Kg7 43. Rc8 a3 44. Rc1 a2 45. Ra1 Ra5 46. g5 Kf7
47. Kc3 Ke6 48. Kb4 Ra8 49. d4 Kf5 0-1

[Event "4NCL Individual Rapid 10m+10s"]
[Site "Daventry"]
[Date "2013.10.06"]
[Round "7.8"]
[White "Bourne, Iain"]
[Black "Humphreys, Jerry G"]
[Result "1/2-1/2"]
[WhiteElo "1918"]
[BlackElo "2065"]
[PlyCount "93"]
[EventDate "2013.10.06"]
[EventType "swiss (rapid)"]
[EventRounds "7"]
[EventCountry "ENG"]

1. d4 Nf6 2. c4 g6 3. f3 Bg7 4. e4 d6 5. Nc3 O-O 6. Nge2 Nbd7 7. Bg5 h6 8. Be3
e5 9. Qd2 exd4 10. Nxd4 Kh7 11. Be2 Re8 12. O-O c6 13. Nc2 Qe7 14. Rad1 d5 15.
cxd5 cxd5 16. exd5 Nb6 17. d6 Qf8 18. Nb5 Nfd5 19. Bd4 Bf5 20. Bd3 Bxd3 21.
Qxd3 Rad8 22. Bxg7 Qxg7 23. Nc7 Nxc7 24. Qa3 Nb5 25. Qb4 Nxd6 26. Rxd6 Rxd6 27.
Qxd6 Qxb2 28. Qc7 Qxa2 29. Nb4 Qe6 30. Qxb7 Re7 31. Qa6 Qe3+ 32. Kh1 Qe2 33.
Qa1 Nc4 34. Nd5 Ne3 35. Nf6+ Kh8 36. Nh5+ f6 37. Qxf6+ Kg8 38. Qxg6+ Kf8 39.
Qxh6+ Ke8 40. Nf6+ Kf7 41. Rg1 Nd1 42. h4 Re6 43. Qh7+ Kxf6 44. Qh6+ Ke7 45.
Qg7+ Kd6 46. Qxa7 Nf2+ 47. Kh2 1/2-1/2

[Event "4NCL Individual Rapid 10m+10s"]
[Site "Daventry"]
[Date "2013.10.06"]
[Round "5.1"]
[White "Duggan, Christopher"]
[Black "Snape, Ian L"]
[Result "0-1"]
[WhiteElo "2036"]
[BlackElo "2218"]
[PlyCount "80"]
[EventDate "2013.10.06"]
[EventType "swiss (rapid)"]
[EventRounds "7"]
[EventCountry "ENG"]

1. e4 c5 2. Nf3 d6 3. c3 Nf6 4. Be2 Nbd7 5. Qc2 b6 6. d4 cxd4 7. cxd4 Bb7 8.
Nc3 Rc8 9. Bd3 g6 10. Qa4 a6 11. e5 b5 12. Qb3 Bxf3 13. e6 fxe6 14. gxf3 Kf7
15. a4 bxa4 16. Rxa4 a5 17. Bd2 Bg7 18. Ne2 Rb8 19. Qc2 Qc8 20. Rc4 Qb7 21. Rg1
Rhc8 22. Bxg6+ Kf8 23. Bd3 Rxc4 24. Bxc4 d5 25. Nf4 Kf7 26. Bd3 Qxb2 27. Bg6+
Kg8 28. Bxh7+ Nxh7 29. Qg6 Qb1+ 30. Ke2 Qxg6 31. Rxg6 Ndf8 32. Rg1 Kf7 33. Bxa5
Bxd4 34. Kd3 Bxf2 35. Rg2 Bb6 36. Bc3 d4 37. Bb4 Bc7 38. Bd2 Rb2 39. Be1 Rb3+
40. Ke4 Re3+ 0-1

[Event "4NCL Individual Rapid 10m+10s"]
[Site "Daventry"]
[Date "2013.10.06"]
[Round "5.2"]
[White "Taylor, Mark V"]
[Black "Talsma, Paul"]
[Result "0-1"]
[WhiteElo "2087"]
[BlackElo "2192"]
[PlyCount "46"]
[EventDate "2013.10.06"]
[EventType "swiss (rapid)"]
[EventRounds "7"]
[EventCountry "ENG"]
[TimeControl "900+155"]
[WhiteClock "0:02:56"]
[BlackClock "0:03:24"]

1. d4 f5 2. Nc3 Nf6 3. Bg5 d5 4. Bxf6 exf6 5. e3 Be6 6. Bd3 Nc6 7. Qf3 Qd7 8.
a3 Rd8 9. Nge2 Ne7 10. Nf4 Bf7 11. O-O-O g6 12. h3 h5 13. g4 fxg4 14. hxg4 hxg4
15. Qg2 Rxh1 16. Rxh1 Bg7 17. Rh7 Kf8 18. f3 Kg8 19. Rh4 gxf3 20. Qxf3 g5 21.
Rg4 c6 22. Qh3 Kf8 23. e4 gxf4 0-1

[Event "4NCL Individual Rapid 10m+10s"]
[Site "Daventry"]
[Date "2013.10.06"]
[Round "5.3"]
[White "Lunn, Matthew"]
[Black "Mason, Donald J"]
[Result "0-1"]
[WhiteElo "2045"]
[BlackElo "2204"]
[PlyCount "72"]
[EventDate "2013.10.06"]
[EventType "swiss (rapid)"]
[EventRounds "7"]
[EventCountry "ENG"]
[TimeControl "900+145"]
[WhiteClock "0:00:16"]
[BlackClock "0:02:40"]

1. d4 Nf6 2. c4 g6 3. Nc3 d5 4. cxd5 Nxd5 5. e4 Nxc3 6. bxc3 Bg7 7. Nf3 c5 8.
Rb1 O-O 9. Be2 Nc6 10. d5 Bxc3+ 11. Bd2 Bxd2+ 12. Qxd2 Na5 13. h4 Bg4 14. h5
Bxf3 15. Bxf3 Nc4 16. Qc3 Qa5 17. Qxa5 Nxa5 18. hxg6 hxg6 19. e5 Rab8 20. Rh4
Kg7 21. Ke2 Rh8 22. Ra4 b6 23. Rd1 Rbd8 24. Rd2 Rh1 25. Rd1 Rxd1 26. Kxd1 Nc6
27. Kc1 Nxe5 28. Be4 f5 29. f4 Nf7 30. Bf3 Rd7 31. Ra3 Nd6 32. Re3 b5 33. Kc2
a5 34. Re6 b4 35. g3 a4 36. Re3 c4 0-1

[Event "4NCL Individual Rapid 10m+10s"]
[Site "Daventry"]
[Date "2013.10.06"]
[Round "5.4"]
[White "Bourne, Iain"]
[Black "Okike, David"]
[Result "1-0"]
[WhiteElo "1918"]
[BlackElo "2152"]
[PlyCount "135"]
[EventDate "2013.10.06"]
[EventType "swiss (rapid)"]
[EventRounds "7"]
[EventCountry "ENG"]

1. d4 Nf6 2. c4 e6 3. Nc3 Bb4 4. e3 b6 5. Nge2 Bb7 6. a3 Be7 7. Ng3 d5 8. cxd5
Nxd5 9. e4 Nxc3 10. bxc3 h5 11. Bd3 h4 12. Ne2 c5 13. h3 Nd7 14. Qa4 Kf8 15.
Be3 a6 16. O-O b5 17. Qd1 Nf6 18. Qb1 Qc7 19. Rc1 c4 20. Bc2 Qc6 21. f3 Nd7 22.
a4 g6 23. Rd1 Qc7 24. axb5 axb5 25. Rxa8+ Bxa8 26. Qxb5 Kg7 27. Bf4 Qc8 28. Ba4
Nf8 29. Rb1 Rh5 30. Qe8 Qxe8 31. Bxe8 Ra5 32. Bb5 Ra2 33. Kf1 g5 34. Be3 f5 35.
Bxc4 Ra4 36. Bd3 fxe4 37. fxe4 Ra5 38. Kf2 Nd7 39. Rb5 Rxb5 40. Bxb5 Nf6 41. e5
Nd5 42. Bd2 Nc7 43. Bc4 Be4 44. Ng1 Nd5 45. Nf3 Kg6 46. Ke2 Kf5 47. Bd3 Bxd3+
48. Kxd3 Nf4+ 49. Bxf4 Kxf4 50. c4 Kg3 51. Ne1 Kf2 52. Nc2 Kxg2 53. d5 exd5 54.
cxd5 Kxh3 55. d6 Bf8 56. Ne3 Kg3 57. Nf5+ Kf4 58. d7 h3 59. d8=Q h2 60. Qd5
Kxf5 61. Qe4+ Ke6 62. Kd4 Bg7 63. Qd5+ Kf5 64. Qe4+ Ke6 65. Qg4+ Kf7 66. Qg2
Ke6 67. Qxh2 g4 68. Qf4 1-0

[Event "4NCL Individual Rapid 10m+10s"]
[Site "Daventry"]
[Date "2013.10.06"]
[Round "5.5"]
[White "Sowray, Peter J"]
[Black "Burke, Steven J"]
[Result "1-0"]
[WhiteElo "2335"]
[BlackElo "2002"]
[PlyCount "53"]
[EventDate "2013.10.06"]
[EventType "swiss (rapid)"]
[EventRounds "7"]
[EventCountry "ENG"]
[TimeControl "900+165"]
[WhiteClock "0:04:30"]
[BlackClock "0:01:31"]

1. d4 d5 2. c4 c6 3. Nf3 Nf6 4. Nc3 a6 5. c5 e6 6. Bf4 Nbd7 7. h3 b5 8. e3 Nh5
9. Bh2 g6 10. Bd3 f5 11. Qc2 Nhf6 12. O-O-O Ne4 13. Ne5 Nxe5 14. Bxe5 Rg8 15.
Bxe4 fxe4 16. f3 exf3 17. gxf3 Bh6 18. f4 b4 19. Na4 a5 20. h4 Bg7 21. h5 Bxe5
22. dxe5 Ba6 23. hxg6 hxg6 24. Rh7 b3 25. axb3 Rb8 26. Rg1 d4 27. Rxg6 1-0

[Event "4NCL Individual Rapid 10m+10s"]
[Site "Daventry"]
[Date "2013.10.06"]
[Round "5.6"]
[White "Thompson, Robert"]
[Black "Basman, Michael"]
[Result "1/2-1/2"]
[WhiteElo "1962"]
[BlackElo "2340"]
[PlyCount "122"]
[EventDate "2013.10.06"]
[EventType "swiss (rapid)"]
[EventRounds "7"]
[EventCountry "ENG"]

1. Nf3 b5 2. g3 Bb7 3. Bg2 g5 4. h3 Bg7 5. c3 h6 6. d3 e6 7. a4 bxa4 8. Qxa4
Ne7 9. Be3 O-O 10. O-O f5 11. h4 f4 12. Bd4 Bc6 13. Qb3 g4 14. Ne5 Bxg2 15.
Kxg2 Bxe5 16. Bxe5 f3+ 17. exf3 gxf3+ 18. Kh2 Nbc6 19. d4 Ng6 20. Nd2 Nxh4 21.
Rh1 Ng6 22. Rae1 Rf5 23. Qc2 Ngxe5 24. dxe5 Qf8 25. Nc4 Qg7 26. Kg1 Raf8 27.
Qd2 Rg5 28. Rh3 Rff5 29. Qd3 Nxe5 30. Nxe5 Rxe5 31. Rxe5 Qxe5 32. Qxf3 Kg7 33.
Rh4 d5 34. Kg2 c5 35. Rf4 Rf5 36. Qg4+ Kf7 37. Ra4 a5 38. Rxa5 Qe4+ 39. Qxe4
dxe4 40. Ra7+ Kf6 41. Rh7 Kg6 42. Rb7 Rd5 43. b4 cxb4 44. cxb4 Rd2 45. Kf1 Kf5
46. Rh7 Kg5 47. b5 Rb2 48. Rb7 h5 49. b6 e3 50. fxe3 Kg4 51. Rg7+ Kf3 52. Rf7+
Kxg3 53. b7 h4 54. Rg7+ Kf3 55. Kg1 h3 56. Rh7 Kg4 57. Rg7+ Kf5 58. Rh7 Kg4 59.
Rg7+ Kf3 60. Rh7 Kxe3 61. Rxh3+ Kd4 1/2-1/2

[Event "4NCL Individual Rapid 10m+10s"]
[Site "Daventry"]
[Date "2013.10.06"]
[Round "5.7"]
[White "Kane, Robert"]
[Black "McGann, Gary"]
[Result "1/2-1/2"]
[WhiteElo "1862"]
[BlackElo "2128"]
[PlyCount "71"]
[EventDate "2013.10.06"]
[EventType "swiss (rapid)"]
[EventRounds "7"]
[EventCountry "ENG"]

1. d4 e6 2. Nf3 f5 3. Nc3 Nf6 4. Bg5 Bb4 5. e3 b6 6. Nd2 Bb7 7. Be2 O-O 8. Bf3
Bxf3 9. Qxf3 Bxc3 10. bxc3 d5 11. c4 c6 12. O-O Qd7 13. Bxf6 Rxf6 14. cxd5 exd5
15. c4 f4 16. e4 dxc4 17. e5 Rf8 18. Nxc4 Na6 19. Nd6 Nb4 20. Rac1 Nd5 21. Ne4
Rac8 22. Rfd1 Rc7 23. Rc2 Nb4 24. Qb3+ Nd5 25. Nc3 Rcc8 26. Rdc1 Rcd8 27. Nxd5
Qxd5 28. e6 Qxb3 29. axb3 Rxd4 30. Rxc6 Re4 31. Rc7 Rxe6 32. Rxa7 Rf7 33. Rc8+
Rf8 34. Rxf8+ Kxf8 35. Kf1 Rc6 36. Ke1 1/2-1/2

[Event "4NCL Individual Rapid 10m+10s"]
[Site "Daventry"]
[Date "2013.10.06"]
[Round "5.8"]
[White "Chan, Nevil"]
[Black "Davies, Matthew"]
[Result "1-0"]
[WhiteElo "2027"]
[BlackElo "1929"]
[PlyCount "61"]
[EventDate "2013.10.06"]
[EventType "swiss (rapid)"]
[EventRounds "7"]
[EventCountry "ENG"]

1. d4 Nf6 2. Nc3 d5 3. Bg5 e6 4. Nf3 Be7 5. e3 O-O 6. Bd3 c5 7. O-O Nc6 8. Ne5
c4 9. Be2 Nd7 10. Bxe7 Qxe7 11. f4 f6 12. Nxd7 Bxd7 13. e4 dxe4 14. Bxc4 Na5
15. Bb3 Nxb3 16. axb3 f5 17. Qd2 a6 18. Rfd1 Bc6 19. Ra5 Rad8 20. Qe3 h6 21.
Re5 Qf7 22. Ne2 Kh7 23. c4 Rfe8 24. Nc3 Qf6 25. d5 exd5 26. cxd5 Bb5 27. Nxb5
axb5 28. Qd4 g6 29. Kf1 Re7 30. d6 Red7 31. Re7+ 1-0

[Event "4NCL Individual Rapid 10m+10s"]
[Site "Daventry"]
[Date "2013.10.06"]
[Round "4.4"]
[White "McGann, Gary"]
[Black "Healey, Michael W"]
[Result "0-1"]
[WhiteElo "2128"]
[BlackElo "2091"]
[PlyCount "86"]
[EventDate "2013.10.06"]
[EventType "rapid"]
[EventRounds "7"]
[EventCountry "ENG"]

1. d4 Nf6 2. Nf3 d6 3. Bf4 h6 4. Nc3 g5 5. Bg3 Bg7 6. e4 c6 7. Qd2 b5 8. Bd3
Qb6 9. Ne2 Nbd7 10. e5 dxe5 11. dxe5 Nd5 12. e6 Nc5 13. exf7+ Kxf7 14. Ne5+ Kg8
15. Bg6 Be6 16. Nd4 Rf8 17. Nxe6 Nxe6 18. Nd7 Qd8 19. Nxf8 Nxf8 20. Bd3 Bxb2
21. O-O Bxa1 22. Rxa1 Nd7 23. Qe2 e5 24. Bxe5 Nxe5 25. Qxe5 Qf6 26. Qe8+ Kg7
27. Qd7+ Qf7 28. Qxc6 Rf8 29. Rf1 Rb8 30. Qd6 Rb6 31. Qe5+ Kg8 32. c4 Nf4 33.
Be4 Re6 34. Qb8+ Re8 35. Qb7 Qxc4 36. Qh7+ Kf8 37. Qxh6+ Kf7 38. Qh7+ Kf6 39.
Qh6+ Kf7 40. Bf3 Rc8 41. Qh7+ Kf6 42. Qh6+ Kf7 43. Qxg5 Qxf1+ 0-1